Представление документа в формате MARC21

ПолеНазваниеЗначение
  Тип записи a
  Библиографический уровень m
001 Контрольный номер RU/URAIT/538113
003 Принадлежность контрольного номера https://urait.ru/bcode/538113
005 Дата корректировки 20240827112723.0
008 Кодируемые данные
020 Индекс ISBN __
a ISBN 978-5-534-07069-9
c Цена, тираж 1369.00
040 Источник каталогиз. __
a Служба первич. каталог. ИКО Юрайт
b Код языка каталог. rus
c Служба, преобразующая запись ИКО Юрайт
041 Код языка издания 0_
a Код языка текста rus
044 Код страны публикации __
a Код страны публикации RU
073 _1
a 9785534070699
d 1369.00
080 Индекс УДК __
a Индекс УДК 517(075.8)
084 Индекс другой классификации/Индекс ББК __
a Индекс другой классификации/Индекс ББК 22.16я73
2 Источник индекса rubbk
091 Индексы/ коды __
a Индекс ББК (DOS) 22.16я73
z rubbk
100 Автор 1_
a Автор Ильин В. А.
q Полное имя Владимир Александрович
230 __
a Электрон. дан.
245 Заглавие 00
a Заглавие Математический анализ в 2 ч. Часть 1 в 2 кн. Книга 2
b Продолж. заглавия учебник
c Ответственность В. А. Ильин, В. А. Садовничий, Б. Х. Сендов.
250 Сведения об издании __
a Основные сведения об издании 4-е изд.
b Дополнительные сведения об издании пер. и доп
260 Выходные данные 1_
a Место издания Москва
b Издательство Юрайт
c Дата издания 2024
300 Физическое описание __
a Объем 315 с
440 Серия _0
a Серия Высшее образование
500 Примечания __
a Примечание URL: https://urait.ru/bcode/538113 (дата обращения: 27.08.2024).
520 Аннотация __
a Аннотация Книга является первой частью издания по математическому анализу широкого профиля, имеющего три уровня изложения: облегченный, основной и повышенный. Эти три уровня отвечают соответственно программе технических вузов с углубленным изучением математического анализа, программе по специальности «прикладная математика и информатика» и программе механико-математических факультетов университетов. Учебник включает в себя элементарную теорию вещественных чисел и числовых множеств, основные определения и утверждения теории пределов, теории непрерывности функций, основные теоремы дифференциального исчисления функций одной или нескольких переменных (включая теорию неявных функций) и все основные теоремы интегрального исчисления функций одной переменной.
538 Прим. о системных особенностях __
a Прим. о системных особенностях Режим доступа: Электронно-библиотечная система Юрайт, для авториз. пользователей
653 Ключевые слова 2_
a Ключевые слова Математический анализ
653 Ключевые слова 2_
a Ключевые слова Математика и статистика
653 Ключевые слова 2_
a Ключевые слова Математический анализ
653 Ключевые слова 2_
a Ключевые слова Высшая математика
653 Ключевые слова 2_
a Ключевые слова математический анализ II (функции многих переменных, теория комплексных чисел)
653 Ключевые слова 2_
a Ключевые слова Основы математического анализа
653 Ключевые слова 2_
a Ключевые слова Элементы высшей математики
653 Ключевые слова 2_
a Ключевые слова Дополнительные главы математического анализа
653 Ключевые слова 2_
a Ключевые слова Математика. Математический анализ
653 Ключевые слова 2_
a Ключевые слова Введение в высшую математику
653 Ключевые слова 2_
a Ключевые слова Основы высшей математики
653 Ключевые слова 2_
a Ключевые слова Математика (высшая)
653 Ключевые слова 2_
a Ключевые слова Функции нескольких переменных
653 Ключевые слова 2_
a Ключевые слова Введение в математический анализ
653 Ключевые слова 2_
a Ключевые слова Общий курс высшей математики
653 Ключевые слова 2_
a Ключевые слова Вводный курс в высшую математику
653 Ключевые слова 2_
a Ключевые слова Интегралы и ряды
653 Ключевые слова 2_
a Ключевые слова Высшая математика (математический анализ)
653 Ключевые слова 2_
a Ключевые слова Интегралы
653 Ключевые слова 2_
a Ключевые слова Дифференциальное и интегральное исчисление функций одной переменной
653 Ключевые слова 2_
a Ключевые слова Введение в теорию функций нескольких переменных
700 Другие авторы 1_
a Другие авторы Садовничий В. А.
q Полное имя Виктор Антонович
700 Другие авторы 1_
a Другие авторы Сендов Б. Х.
q Полное имя Благовест Христов
856 Электронный адрес документа 40
n Местонахождение сервера Юрайт
g Электронная книга
q Тип электронного формата html
h Имя пользователя ЮРАЙТ
v Часы доступа к ресурсу 20251231
2 Способ доступа Показать документ
x Служебное примечание https://urait.ru/book/cover/FB5EAD7F-0B09-47B3-8A22-F989831983AD
u URL https://urait.ru/bcode/538113
856 Электронный адрес документа 41
q Тип электронного формата cover
u URL https://urait.ru/book/cover/FB5EAD7F-0B09-47B3-8A22-F989831983AD